Влияние щелочного модифицирования на адсорбционные свойства оксида алюминия; Перспективы развития фундаментальных наук; Т. 2 : Химия
| Parent link: | Перспективы развития фундаментальных наук=Prospects of Fundamental Sciences Development: сборник научных трудов XV Международной конференции студентов, аспирантов и молодых ученых, г. Томск, 24-27 апреля 2018 г./ Национальный исследовательский Томский политехнический университет (ТПУ) ; под ред. И. А. Курзиной, Г. А. Вороновой.— , 2018 Т. 2 : Химия.— 2018.— [С. 177-179] |
|---|---|
| Autor Principal: | |
| Autor Corporativo: | |
| Outros autores: | , |
| Summary: | Заглавие с экрана In this work the adsorption capacity of samples A-2-9С, A-2-Na-9С, A-2-K-9С was studied. It was found that alkaline modification leads to an increase in the efficiency of aluminum oxide dehydrators. |
| Idioma: | ruso |
| Publicado: |
2018
|
| Subjects: | |
| Acceso en liña: | http://earchive.tpu.ru/handle/11683/50755 |
| Formato: | MixedMaterials Electrónico Capítulo de libro |
| KOHA link: | https://koha.lib.tpu.ru/cgi-bin/koha/opac-detail.pl?biblionumber=627534 |
MARC
| LEADER | 00000naa2a2200000 4500 | ||
|---|---|---|---|
| 001 | 627534 | ||
| 005 | 20231101133451.0 | ||
| 035 | |a (RuTPU)RU\TPU\conf\27429 | ||
| 035 | |a RU\TPU\conf\27428 | ||
| 090 | |a 627534 | ||
| 100 | |a 20180912d2018 k y0rusy50 ca | ||
| 101 | 0 | |a rus |d eng | |
| 102 | |a RU | ||
| 105 | |a y z 100zy | ||
| 135 | |a drcn ---uucaa | ||
| 181 | 0 | |a i | |
| 182 | 0 | |a b | |
| 200 | 1 | |a Влияние щелочного модифицирования на адсорбционные свойства оксида алюминия |d Influence of alkaline modification on adsorption properties of aluminum oxide |f А. В. Ливанова |g науч. рук. И. А. Курзина, науч. конс. С. И. Решетников | |
| 203 | |a Текст |c электронный | ||
| 230 | |a 1 компьютерный файл (pdf; 266 Kb) | ||
| 300 | |a Заглавие с экрана | ||
| 320 | |a [Библиогр.: с. 179 (5 назв.)] | ||
| 330 | |a In this work the adsorption capacity of samples A-2-9С, A-2-Na-9С, A-2-K-9С was studied. It was found that alkaline modification leads to an increase in the efficiency of aluminum oxide dehydrators. | ||
| 461 | 1 | |0 (RuTPU)RU\TPU\conf\26928 |t Перспективы развития фундаментальных наук |l Prospects of Fundamental Sciences Development |o сборник научных трудов XV Международной конференции студентов, аспирантов и молодых ученых, г. Томск, 24-27 апреля 2018 г. |o в 7 т. |f Национальный исследовательский Томский политехнический университет (ТПУ) ; под ред. И. А. Курзиной, Г. А. Вороновой |d 2018 | |
| 463 | 1 | |0 (RuTPU)RU\TPU\conf\26930 |t Т. 2 : Химия |v [С. 177-179] |d 2018 | |
| 510 | 1 | |a Influence of alkaline modification on adsorption properties of aluminum oxide |z eng | |
| 610 | 1 | |a электронный ресурс | |
| 610 | 1 | |a модифицирование | |
| 610 | 1 | |a адсорбционные свойства | |
| 610 | 1 | |a оксид алюминия | |
| 610 | 1 | |a пар | |
| 610 | 1 | |a воды | |
| 610 | 1 | |a катионы | |
| 700 | 1 | |a Ливанова |b А. В. | |
| 702 | 1 | |a Курзина |b И. А. |4 727 | |
| 702 | 1 | |a Решетников |b С. И. |4 695 | |
| 712 | 0 | 2 | |a Национальный исследовательский Томский государственный университет (ТГУ) |c (2009- ) |2 stltpush |3 (RuTPU)RU\TPU\col\17230 |
| 801 | 2 | |a RU |b 63413507 |c 20181005 |g RCR | |
| 856 | 4 | |u http://earchive.tpu.ru/handle/11683/50755 | |
| 942 | |c BK | ||